Estatísticas para Cultura Geral

Clique aqui para jogar o quiz

Estatísticas Gerais

  • Esse quiz foi jogado 35 vezes
  • A pontuação média é 6 de 15

Estatísticas das Respostas

HintResposta% Correto
Que país declarou independência da Grã-Bretanha em 1776?Estados Unidos
96%
Traduz a frase I Love Dogs para português?Eu amo cães
75%
Quem é o presidente da França?Emmanuel Macron
71%
Qual é a língua oficial da Guiana?Inglês
57%
Que país colonizou as Fiji de 1874 a 1987?Reino Unido
57%
Quem canta a música Imagine?John Lennon
50%
Como se chamam as pessoas que vivem na Polónia?Polacos
50%
Qual estado dos EUA tem a menor densidade populacional?Alasca
39%
Que edifício dos EUA era anteriormente conhecido como a "Mansão Executiva"?Casa Branca
39%
O que os manifestantes despejaram no porto de Boston durante uma "festa" anti-imposto em 1773?Chá
29%
Quem interpretava a personagem Troy Bolton nos filmes High School Musical?Zac Efron
29%
Em que cordilheira está localizado o Butão?Himalaias
18%
Qual é a capital das Ilhas Salomão?Honiara
14%
Que país tem como capital Moroni?Comores
11%
Quem aparece na frente da nota de 10 dólares dos EUA?Alexander Hamilton
4%

Distribuição das Pontuações

Percentil de Números Respondidos

Porcentagem de Pessoas com Cada Pontuação

Sua Pontuação Histórica

Você não jogou esse quiz